|
|
|
|
| LEADER |
00000cam a2200000 7i4500 |
| 001 |
0000000364 |
| 008 |
021118s1980 |
| 090 |
0 |
0 |
|a BP42
|b .A45 1980
|
| 100 |
0 |
|
|a احمد, محمد عبد القادر
|e author
|
| 241 |
2 |
0 |
|a Turuq ta`lim al-tarbiyah al-Islamiyah
|
| 245 |
1 |
0 |
|a طرق تعليم التربية الاسلامية
|c محمد عبد القادر احمد
|
| 260 |
2 |
|
|a al-Qahirah
|b Maktabat al-Nahdah al-Misriyah
|c 1980
|
| 300 |
|
|
|a 271 p.
|c 24 cm
|
| 650 |
|
0 |
|a Islamic education
|z Egypt
|
| 999 |
|
|
|a 1000015518
|b Book
|c OPEN SHELF (30 DAYS)
|e Gong Badak Campus
|
| 999 |
|
|
|a 1000015519
|b Book
|c OPEN SHELF (30 DAYS)
|e Gong Badak Campus
|
| 999 |
|
|
|a 1000015520
|b Book
|c OPEN SHELF (30 DAYS)
|e Gong Badak Campus
|
| 999 |
|
|
|a 1000015521
|b Book
|c OPEN SHELF (30 DAYS)
|e Gong Badak Campus
|
| 999 |
|
|
|a 1000015522
|b Book
|c OPEN SHELF (30 DAYS)
|e Gong Badak Campus
|
| 999 |
|
|
|a 1000015523
|b Book
|c OPEN SHELF (30 DAYS)
|e Gong Badak Campus
|
| 999 |
|
|
|a 1000015524
|b Book
|c OPEN SHELF (30 DAYS)
|e Gong Badak Campus
|
| 999 |
|
|
|a 1000015525
|b Book
|c OPEN SHELF (30 DAYS)
|e Gong Badak Campus
|